| 000 | 00462nam a2200145 a 4500 | ||
|---|---|---|---|
| 001 | 000038021 | ||
| 005 | 20230519124859.0 | ||
| 008 | 130312s2012 dr 000 0 spa d | ||
| 020 | _a9789945884135 | ||
| 040 |
_aDO-SdBNP _aspa _cBNPHU |
||
| 245 | 0 | 0 | _aColección de protocolos de la inspección de trabajo República Dominicana. |
| 260 |
_aSanto Domingo : _bMinisterio de Trabajo, _c2012. |
||
| 300 |
_a71 p. : _bil. ; _c28 cm. |
||
| 504 | _aBibliografía p. (65-67) | ||
| 999 |
_c37511 _d37511 |
||